| 000 | 00654 a2200193 4500 | ||
|---|---|---|---|
| 999 |
_c6091 _d6091 |
||
| 020 | _a9781844679843 (pbk. : alk. paper) | ||
| 050 | 0 | 0 | _aHQ1190 FRA 2013 |
| 100 | 1 |
_aFraser, Nancy. _eauthor |
|
| 245 | 1 | 0 |
_aFortunes of feminism : _bfrom state-managed capitalism to neoliberal crisis / _cNancy Fraser. |
| 264 | 1 |
_aBrooklyn, NY : _bVerso Books, _c2013. |
|
| 300 | _a248p. | ||
| 500 | _aIncludes index | ||
| 504 | _aIncludes bibliographical references and index. | ||
| 650 | 0 | _aFeminist theory. | |
| 650 | 0 | _aDistributive justice. | |
| 650 | 0 | _aCulture conflict. | |
| 942 |
_2lcc _cBK _h1190 _iFRA _kHQ |
||